Регионална библиотека "Любен Каравелов" - Русе

Народное искусство Якутии (Запис номер 210160)

MARC детайли
000 -Лидер
Контролно поле с фиксирана дължина 01624nkm a2200361 c 4500
003 - Код на организацията, давaща контролен номер
Контролно поле BLK
005 - Дата и час на последна редакция
Контролно поле 20180421002022.0
008 - Елементи от данни с фиксирана дължина
fixed length control field 180412b bul rap|r|||| r0| ||bulo|
010 ## - Наследен системен номер
LC control number KNG00162816000
040 ## - Източник на каталожния запис
Идентификатор на билиотеката - собственик на записа BLK
041 ## - Код за език
Код за езика на текст/звукозапис или на отделно заглавие Руски
Код за езика КДБФ Руски
080 ## - УДК
Текстов определител УДК Приложно изкуство. Художествени занаяти. Интериор. Дизайн. Играчки. Худож. пространствено оформление
УДК код - определител по УДК 745/749
УДК определител (47+57)
УДК - код + определител 745/749(47+57)
139 ## - Редно поле
Редна дума Хабарова, Маргарита Валериановна
Авторски знак Ха - Х 12
245 10 - Сведения за заглавието
Заглавие Народное искусство Якутии
Редно поле (дума) авт.-состав. Маргарита Валериановна Хабарова.
257 ## - Страна на издаване
Страна на създаване/издаване СССР
260 ## - Област на издателските данни
-- Ленинград
Име на издателя, разпространителя и проч. Художник РСФСР
Година на издаване 1981
300 ## - Физическа характеристика
Страници 144 с.
Илюстрации и др. с ил.
Размери/Мащаб 29 см
380 ## - Жанр
Жанр Изкуство
500 ## - Общи забележки
Забележка 15 000 тир. - Списък на ил. - Библиогр. с. 135-136. - Рез. на англ.
650 #4 - Допълнително описание по предмет – тема
Основно описание – тема или топоним Художествени занаяти
9 (RLIN) 278025
651 #4 - Допълнително описание по предмет - топоним
Географско понятие СССР
9 (RLIN) 179592
651 #4 - Допълнително описание по предмет - топоним
Географско понятие Якутия
9 (RLIN) 179840
653 ## - Ключова дума – ненормативна
Ключова дума приложни изкуства
653 ## - Ключова дума – ненормативна
Ключова дума декоративно изкуство
653 ## - Ключова дума – ненормативна
Ключова дума художествени занаяти
653 ## - Ключова дума – ненормативна
Ключова дума Ямайка
700 1# - Други автори (авторска отговорност)
Лично име Хабарова, Маргарита Валериановна
Автороска отговорност (Описва отношението между автора и произведението) авт.-состав.
9 (RLIN) 135311
852 ## - Местоположение
Форматна сигнатура Цб Гр А ІІ 3405
856 4# - Електронен адрес и достъп
Електронен формат pdf - файл
Път до файла /url/
856 4# - Електронен адрес и достъп
Електронен формат pdf - файл
Път до файла /url/
942 ## - АРТИКУЛИ
Вид на библиотечния материал Графични издания
Скрит в OPAC Не
944 ## - СЪЗДАВАНЕ И РЕДАКЦИЯ на ЗАПИСА
Създаване/Редакция Създаване
Дата на регистрацията/редакция 05.07.2014
Статус, дата на статуса 05.07.2014 - от С1,Р / 05.07.2014
Служител, извършил регистрацията/редакцията Ирена_Линкова
944 ## - СЪЗДАВАНЕ И РЕДАКЦИЯ на ЗАПИСА
Създаване/Редакция Редакция
Дата на регистрацията/редакция 05.07.2014
Статус, дата на статуса 05.07.2014 - от С1,Р / 05.07.2014
Служител, извършил регистрацията/редакцията
999 ## - СИСТЕМНИ КОНТРОЛНИ НОМЕРА
Koha biblionumber 210160
Koha biblioitemnumber 210160
Наличности
Код за отписване Код за изгубен артикул Източник на класификационната схема Код за повреда Коз за рестрикции Код за отдаване Артикулен № Име на библиотеката - собственик Име на библиотеката, в която се намира в момента Статус (Текущо местоположение) Дата на вписване в системата Местоположение - отдел Цена в лева Инвентарен номер Систематично азбучна сигнатура Баркод Номер на екземпляра Цена в евро Служебна бележка Служебен тип на артикула
  Не е изгубен Universal Decimal Classification Не е повреден без рестрикции заемане за дома 361668 Регионална библиотека "Любен Каравелов" Русе Регионална библиотека "Любен Каравелов" Русе Отдел Изкуство - подръчен фонд 1981-01-01 Отдел Изкуство - подръчен фонд 3.52 476716 745/749/Х 12 120000476716 1 1.80 Дост: Pk Вид: Ф N: стар фонд Дата: 01.01.1981 Дата инв: 03.06.2015 Бележки инв: ГрИ2015 Графични издания
Vip Innovations Ltd, Rousse, Bulgaria 2025